BE YOUR BEST BEAR! / (Record no. 178377)
[ view plain ]
| 000 -LEADER | |
|---|---|
| fixed length control field | 01124nam a2200301 ib4500 |
| 003 - CONTROL NUMBER IDENTIFIER | |
| control field | OSt |
| 005 - DATE AND TIME OF LATEST TRANSACTION | |
| control field | 20200728114431.0 |
| 008 - FIXED-LENGTH DATA ELEMENTS--GENERAL INFORMATION | |
| fixed length control field | 200728t20182018nyua b 000 1 eng d |
| 020 ## - INTERNATIONAL STANDARD BOOK NUMBER | |
| International Standard Book Number | 9780525577676 |
| Terms of availability | RM61.50 |
| Qualifying information | hardback |
| 040 ## - CATALOGING SOURCE | |
| Original cataloging agency | PPAK |
| Language of cataloging | eng |
| Transcribing agency | PPAK |
| Description conventions | rda |
| 082 04 - DEWEY DECIMAL CLASSIFICATION NUMBER | |
| Edition number | 23 |
| Classification number | 813.54 |
| 090 00 - LOCALLY ASSIGNED LC-TYPE CALL NUMBER (OCLC); LOCAL CALL NUMBER (RLIN) | |
| Classification number (OCLC) (R) ; Classification number, CALL (RLIN) (NR) | 813.54 |
| Feature heading | BER |
| Feature heading | K |
| 100 1# - MAIN ENTRY--PERSONAL NAME | |
| Personal name | Berenstain, Stan, |
| Dates associated with a name | 1923-2005, |
| Relator term | author. |
| 245 10 - TITLE STATEMENT | |
| Title | BE YOUR BEST BEAR! / |
| Statement of responsibility, etc. | Stan & Jan Berenstain |
| 246 5# - VARYING FORM OF TITLE | |
| Title proper/short title | Be your best bear! : |
| Remainder of title | life lessons from the Berenstain Bears |
| 264 #1 - PRODUCTION, PUBLICATION, DISTRIBUTION, MANUFACTURE, AND COPYRIGHT NOTICE | |
| Place of production, publication, distribution, manufacture | New York : |
| Name of producer, publisher, distributor, manufacturer | Random House Books, |
| Date of production, publication, distribution, manufacture, or copyright notice | [2018] |
| Date of production, publication, distribution, manufacture, or copyright notice | ©2018 |
| 300 ## - PHYSICAL DESCRIPTION | |
| Extent | 1 volume : |
| Other physical details | colour illustrations (chiefly illustrations) ; |
| Dimensions | 21 cm |
| 336 ## - CONTENT TYPE | |
| Source | rdacontent |
| Content type term | text |
| 337 ## - MEDIA TYPE | |
| Source | rdamedia |
| Media type term | unmediated |
| 338 ## - CARRIER TYPE | |
| Source | rdacarrier |
| Carrier type term | volume |
| 500 ## - GENERAL NOTE | |
| General note | "6 books in 1!"--Cover. |
| 520 ## - SUMMARY, ETC. | |
| Summary, etc. | Join the Berenstain Bears in this collection of six classic books all about how to be your very best self. |
| 650 10 - SUBJECT ADDED ENTRY--TOPICAL TERM | |
| Topical term or geographic name entry element | Berenstain Bears (Fictitious characters) |
| Form subdivision | Juvenile fiction |
| Topical term or geographic name entry element | Children's stories, American |
| Topical term or geographic name entry element | Berenstain Bears (Fictitious characters) |
| 942 ## - ADDED ENTRY ELEMENTS (KOHA) | |
| Source of classification or shelving scheme | Dewey Decimal Classification |
| Koha item type | Book |
| Withdrawn | Not for loan | Current library | Shelving location | Date acquired | Total Checkouts | Total Renewals | Full call number | Barcode | Date last seen | Date last checked out | Koha item type | Checked out |
|---|---|---|---|---|---|---|---|---|---|---|---|---|
| Perpustakaan Alor Setar | Pinjaman Kanak-kanak | 09/08/2020 | 10 | 3 | K 813.54 BER | A01645523 | 08/11/2025 | 11/10/2025 | Book | |||
| Perpustakaan Awam Sungai Petani | Pinjaman Kanak-kanak | 09/08/2020 | 5 | K 813.54 BER | A01645524 | 29/12/2025 | 09/12/2025 | Book | ||||
| Perpustakaan Kulim | Pinjaman Kanak-kanak | 09/08/2020 | 9 | 1 | K 813.54 BER | A01645525 | 20/06/2026 | 20/06/2026 | Book | 11/07/2026 |